Character to Movie #1 - Statistics

General Stats
  • This quiz has been taken 17 times
  • The average score is 8 of 15
Answer Stats
Hint Answer % Correct
Forrest Gump Lieutenant Dan
88%
Silence of the Lambs Clarice
81%
The Godfather Fredo
69%
Fight Club Tyler
63%
One Flew Over the Cuckoo's Nest Chief
50%
Lord of the Rings Galadriel
50%
Pulp Fiction Mia
50%
Gladiator Proximo
50%
Shawshank Redemption Red
50%
Back to the Future Emmett
44%
Psycho Marion
44%
Avengers: Infinity War Clint
38%
The Dark Knight Rises Ra's al Ghul
38%
The Prestige Alfred
31%
Django Unchained Calvin
25%
No matching quizzes found
Score Distribution
Percent of People with Each Score
Percentile by Number Answered
Your Score History
You have not taken this quiz